Resisting Orthodoxy in a Highly Distorted Economy Ecomic Policy in Peru

Guardado en:
Detalles Bibliográficos
Autor principal: Foders, Federico
Formato: Libro
Lenguaje:inglés
Publicado: Kiel Institut für Weltwirtschaft 1987
Edición:1. ed.
Colección:Working Paper No.303
Etiquetas: Agregar Etiqueta
Sin Etiquetas, Sea el primero en etiquetar este registro!

MARC

LEADER 00000nam a2200000 4500
001 c028900
005 20221219120526.5
041 0 |a eng 
044 |a DE 
245 1 0 |a Resisting Orthodoxy in a Highly Distorted Economy  |b Ecomic Policy in Peru  |c Federico Foders 
250 |a 1. ed. 
264 1 |a Kiel  |b Institut für Weltwirtschaft  |c 1987 
300 |a 37 s. 
490 1 |a Working Paper  |v No.303 
830 0 |a Working Paper  |v No.303 
100 1 |a Foders, Federico